书目信息 |
| 题名: |
淮北新歌
|
|
| 作者: | 邱正旦 曲 ;英若伟 配伴奏 | |
| 分册: | ||
| 出版信息: | 北京 人民音乐出版社 1978 |
|
| 页数: | 9页 | |
| 开本: | 26cm | |
| 丛书名: | ||
| 单 册: | ||
| 中图分类: | J647.21 | |
| 科图分类: | ||
| 主题词: | 小提琴-独奏曲--中国--现代 , 独奏曲-小提琴--中国--现代 | |
| 电子资源: | ||
| ISBN: | ||
| 000 | 00791nam0 2200265 45 | |
| 001 | 0178003721 | |
| 005 | 20060529153819.89 | |
| 010 | @dCNY0.25 | |
| 091 | @a8026.3494 | |
| 100 | @a19950724d1978 em y0chiy0121 ea | |
| 101 | 0 | @achi |
| 102 | @aCN@b110000 | |
| 105 | @ag z 000yy | |
| 200 | 10 | @a淮北新歌@Ahuai bei xin ge@e小提琴独奏曲@e钢琴伴奏@f邱正旦曲@Fqiu zheng dan qu@g英若伟配伴奏 |
| 210 | @a北京@c人民音乐出版社@d1978 | |
| 215 | @a9页@d26cm | |
| 517 | @a小提琴独奏曲@AXiao Ti Qin Du Zou Qu | |
| 517 | @a钢琴伴奏@AGang Qin Ban Zou | |
| 606 | @a小提琴-独奏曲@y中国@z现代 | |
| 606 | @a独奏曲-小提琴@y中国@z现代 | |
| 690 | @aJ647.21@v3 | |
| 701 | 0 | @a邱正旦@Aqiu zheng dan@4曲 |
| 702 | 0 | @a英若伟@Aying ruo wei@4配伴奏 |
| 801 | 0 | @aCN@bNLC@c20060529 |
| 905 | @dJ647.21@e12 | |
| 淮北新歌:小提琴独奏曲:钢琴伴奏/邱正旦曲/英若伟配伴奏.-北京:人民音乐出版社,1978 |
| 9页;26cm |
| ISBN :CNY0.25 |
| ● |
| 相关链接 |
|
|
|
|
正题名:淮北新歌
索取号:J647.21/12
 
预约/预借
| 序号 | 登录号 | 条形码 | 馆藏地/架位号 | 状态 | 备注 |
| 1 | 0002075 | 001229085 | 密集书库/ [索取号:J647.21/12] | 在馆 | |
| 2 | 0002076 | 001228996 | 密集书库/ [索取号:J647.21/12] | 在馆 | |
| 3 | 0002077 | 001229067 | 第一借阅区/ [索取号:J647.21/12] | 在馆 | |
| 4 | 0002078 | 001229478 | 密集书库/ [索取号:J647.21/12] | 在馆 | |
| 5 | 0002079 | 001229003 | 密集书库/ [索取号:J647.21/12] | 在馆 | |
| 6 | 0002080 | 001229316 | 密集书库/ [索取号:J647.21/12] | 在馆 | |
| 7 | 0002081 | 202388905 | 密集书库/ [索取号:J647.21/12] | 在馆 | |
| 8 | 0002082 | 001228969 | 密集书库/ [索取号:J647.21/12] | 在馆 | |
| 9 | 0002083 | 001228987 | 密集书库/ [索取号:J647.21/12] | 在馆 | |
| 10 | 0002084 | 001222171 | 密集书库/ [索取号:J647.21/12] | 在馆 | |
| 11 | 0002085 | 001222180 | 第一样本阅览室/ [索取号:J647.21/12] | 在馆 | |
| 12 | 0002087 | 001228362 | 第一借阅区/ [索取号:J647.21/12] | 在馆 | |
| 13 | 0006587 | 001229058 | 密集书库/ [索取号:J647.21/12] | 在馆 |